[Event "FIDE Womens Grand Swiss 2021"]
[Site "Riga"]
[Date "2021.11.01"]
[Round "6.25"]
[White "February, Jesse Nikki"]
[Black "Golsta, Madara"]
[Result "0-1"]
[WhiteElo "1857"]
[BlackElo "2003"]
[Annotator "ChessBase"]
[PlyCount "164"]
[EventDate "2021.10.27"]
[EventType "swiss"]
[EventCountry "LAT"]
[Tiebreak "Cut1 Buchholz+Sonneborn-Berger (Swiss)"]
[SourceTitle "playchess.com"]
[Source "ChessBase"]
[SourceQuality "1"]
[TimeControl "40/6000+30:20/3000+30:900+30"]

1. e4 {[%emt 0:10:19]} c5 {[%emt 0:10:11]} 2. Nf3 {[%emt 0:00:08]} d6 {[%emt 0:
00:14]} 3. d4 {[%emt 0:00:23]} cxd4 {[%emt 0:00:07]} 4. Nxd4 {[%emt 0:00:08]}
Nf6 {[%emt 0:00:12]} 5. Nc3 {[%emt 0:00:08]} g6 {[%emt 0:00:14]} 6. Be3 {
[%emt 0:00:45]} Bg7 {[%emt 0:00:18]} 7. f3 {[%emt 0:00:31]} O-O {[%emt 0:00:43]
} 8. Qd2 {[%emt 0:00:56]} Nc6 {[%emt 0:00:17]} 9. g4 {[%emt 0:01:38]} Be6 {
[%emt 0:00:47]} 10. Nxe6 {[%emt 0:00:45]} fxe6 {[%emt 0:00:08]} 11. O-O-O {
[%emt 0:00:56]} Ne5 {[%emt 0:01:09]} 12. Be2 {[%emt 0:01:54]} Qc8 {[%emt 0:00:
27]} 13. Bh6 {[%emt 0:02:52]} Nc4 {[%emt 0:09:42]} 14. Qg5 {[%emt 0:02:05]}
Nxb2 {[%emt 0:09:01]} 15. Bxg7 {[%emt 0:04:40]} Qxc3 {[%emt 0:00:37]} 16. Bxf8
{[%emt 0:07:23]} Rc8 {[%emt 0:00:30]} 17. Qd2 {[%emt 0:00:34]} Qa3 {[%emt 0:01:
45]} 18. Kb1 {[%emt 0:02:33]} Na4 {[%emt 0:03:50]} 19. c4 {[%emt 0:02:24]} Nc3+
{[%emt 0:02:10]} 20. Ka1 {[%emt 0:01:21]} Kxf8 {[%emt 0:06:04]} 21. Rc1 {
[%emt 0:02:45]} Na4 {[%emt 0:02:16]} 22. Rc2 {[%emt 0:02:32]} Qc5 {[%emt 0:09:
01]} 23. Rd1 {[%emt 0:08:35]} g5 {[%emt 0:10:35]} 24. Qd4 {[%emt 0:03:58]}
Qxd4+ {[%emt 0:00:39]} 25. Rxd4 {[%emt 0:00:16]} e5 {[%emt 0:00:12]} 26. Rd1 {
[%emt 0:01:34]} Nc5 {[%emt 0:00:29]} 27. h4 {[%emt 0:03:06]} h6 {[%emt 0:01:08]
} 28. Rh1 {[%emt 0:00:58]} Kg7 {[%emt 0:01:57]} 29. Bf1 {[%emt 0:02:22]} Ne6 {
[%emt 0:01:58]} 30. hxg5 {[%emt 0:02:54]} hxg5 {[%emt 0:00:10]} 31. Rb2 {
[%emt 0:05:29]} b6 {[%emt 0:01:06]} 32. a4 {[%emt 0:01:44]} Rc7 {[%emt 0:02:04]
} 33. Ka2 {[%emt 0:01:29]} Nd4 {[%emt 0:00:48]} 34. Rh3 {[%emt 0:00:41]} Nh7 {
[%emt 0:01:35]} 35. Ka3 {[%emt 0:02:39]} Nf8 {[%emt 0:00:39]} 36. Rbh2 {
[%emt 0:01:22]} Ng6 {[%emt 0:00:44]} 37. Rh7+ {[%emt 0:03:08]} Kg8 {[%emt 0:00:
57]} 38. R7h5 {[%emt 0:04:59]} Ne6 {[%emt 0:20:15]} 39. Rc2 {[%emt 0:10:00]}
Ngf4 {[%emt 0:01:38]} 40. Rh6 {[%emt 0:02:59]} Nd4 {[%emt 0:01:19]} 41. Rc3 {
[%emt 0:55:12]} Kg7 {[%emt 1:00:48]} 42. Rh2 {[%emt 0:00:25]} Rc8 {[%emt 0:00:
22]} 43. Kb4 {[%emt 0:03:35]} a5+ {[%emt 0:00:15]} 44. Ka3 {[%emt 0:00:17]} b5
{[%emt 0:00:03]} 45. axb5 {[%emt 0:00:00]} Nxb5+ {[%emt 0:00:00]} 46. cxb5 {
[%emt 0:00:00]} Rxc3+ {[%emt 0:00:00]} 47. Ka2 {[%emt 0:00:00]} Ne6 {[%emt 0:
00:00]} 48. b6 {[%emt 0:00:00]} Nc5 {[%emt 0:00:00]} 49. Rb2 {[%emt 0:00:00]}
Rxf3 {[%emt 0:00:00]} 50. Bc4 {[%emt 0:00:00]} Rf8 {[%emt 0:00:00]} 51. b7 {
[%emt 0:00:00]} Rb8 {[%emt 0:00:00]} 52. Bd5 {[%emt 0:00:00]} e6 {[%emt 0:00:
00]} 53. Bc6 {[%emt 0:00:00]} Na6 {[%emt 0:00:00]} 54. Ka3 {[%emt 0:00:00]} Kf7
{[%emt 0:00:00]} 55. Ka4 {[%emt 0:00:00]} Nb4 {[%emt 0:00:00]} 56. Rxb4 {
[%emt 0:00:00]} axb4 {[%emt 0:00:00]} 57. Kxb4 {[%emt 0:00:00]} Ke7 {[%emt 0:
00:00]} 58. Kb5 {[%emt 0:00:17]} d5 {[%emt 0:00:00]} 59. exd5 {[%emt 0:02:01]}
e4 {[%emt 0:00:14]} 60. dxe6 {[%emt 0:08:26]} e3 {[%emt 0:00:18]} 61. Bf3 {
[%emt 0:15:14]} Rxb7+ {[%emt 0:15:22]} 62. Kc4 {[%emt 0:00:59]} Kxe6 {[%emt 0:
00:58]} 63. Kd4 {[%emt 0:00:50]} Rb4+ {[%emt 0:00:08]} 64. Kxe3 {[%emt 0:00:29]
} Ke5 {[%emt 0:00:06]} 65. Bd1 {[%emt 0:01:13]} Rc4 {[%emt 0:00:41]} 66. Kf2 {
[%emt 0:02:10]} Kf4 {[%emt 0:00:16]} 67. Kg2 {[%emt 0:00:25]} Rc1 {[%emt 0:00:
10]} 68. Be2 {[%emt 0:00:37]} Rc2 {[%emt 0:00:07]} 69. Kh3 {[%emt 0:00:16]}
Rc3+ {[%emt 0:00:30]} 70. Kg2 {[%emt 0:00:25]} Re3 {[%emt 0:00:07]} 71. Bd1 {
[%emt 0:00:23]} Re1 {[%emt 0:00:16]} 72. Bf3 {[%emt 0:00:24]} Rb1 {[%emt 0:01:
11]} 73. Be2 {[%emt 0:00:22]} Rb2 {[%emt 0:00:47]} 74. Kh3 {[%emt 0:00:28]} Ra2
{[%emt 0:00:23]} 75. Bd1 {[%emt 0:01:06]} Rd2 {[%emt 0:00:10]} 76. Be2 {
[%emt 0:00:07]} Ke3 {[%emt 0:01:17]} 77. Bc4 {[%emt 0:01:04]} Kf2 {[%emt 0:00:
18]} 78. Bf7 {[%emt 0:00:53]} Rd8 {[%emt 0:02:12]} 79. Bg6 {[%emt 0:00:57]}
Rh8+ {[%emt 0:00:09]} 80. Bh5 {[%emt 0:00:09]} Rh7 {[%emt 0:00:09]} 81. Kh2 {
[%emt 0:00:14]} Rxh5+ {[%emt 0:00:32]} 82. gxh5 {[%emt 0:00:33]} g4 {[%emt 0:
00:04]} 0-1

[Event "FIDE Womens Grand Swiss 2021"]
[Site "Riga"]
[Date "2021.11.03"]
[Round "7.1"]
[White "Batsiashvili, Nino"]
[Black "Lei, Tingjie"]
[Result "0-1"]
[WhiteElo "2484"]
[BlackElo "2505"]
[Annotator "TA"]
[PlyCount "60"]
[EventDate "2021.10.27"]
[EventType "swiss"]
[EventCountry "LAT"]
[Tiebreak "Cut1 Buchholz+Sonneborn-Berger (Swiss)"]
[SourceTitle "playchess.com"]
[Source "ChessBase"]
[SourceQuality "1"]

{[%evp 12,60,43,-11,8,-4,-2,-22,-8,-46,-38,-54,-65,-84,-80,-104,-89,-150,-150,
-164,-158,-153,-154,-176,-177,-275,-177,-260,-159,-408,-379,-408,-425,-417,
-406,-606,-596,-945,-908,-1020,-918,-1019,-992,-976,-921,-5723,-5647,-29987,
-29988,-29983,-1055]} 1. d4 d5 2. c4 dxc4 3. Nf3 Nf6 4. e3 e6 5. Bxc4 c5 6. O-O
a6 7. e4 {7.dxc5 is the modern continuation.} (7. b3 $14) 7... b5 $11 {D27:
Queen's Gambit Accepted: Classical main line: 7 e4!? and 7 a4.} 8. Be2 Nxe4 9.
a4 b4 {[#] The position is equal.} 10. Qc2 $146 ({Predecessor:} 10. Nbd2 Bb7
11. Nxe4 Bxe4 12. Be3 cxd4 13. Nxd4 Nc6 14. Rc1 Nxd4 15. Bxd4 Bd6 16. g3 {
1/2-1/2 (45) Shankland,S (2709)-Dominguez Perez,L (2758) Saint Louis 2021})
10... Bb7 11. Rd1 Nd7 12. Bf4 cxd4 {Threatens to win with ...g5.} 13. Rxd4 Rc8
14. Bc4 ({Better is} 14. Qd3 Nef6 15. Nbd2) 14... Nef6 $17 15. Nbd2 {[#]} Bc5
$1 $36 {[%cal Rc5d4][%mdl 2048] White is under strong pressure.} 16. Rd3 Qb6
17. Rf1 O-O 18. a5 (18. h3 $142) 18... Qc6 {aiming for ...e5!} 19. Re1 (19. Qd1
$142) 19... Rfe8 20. Nh4 $2 (20. Qd1 $17 {keeps fighting.}) 20... e5 $19 21.
Bg5 e4 22. Rg3 Ne5 23. Nf5 (23. Rf1 $142) 23... Nh5 24. Qb3 e3 25. Nxe3 Bxe3
26. Bd5 {[#]} Bxf2+ $1 {[%mdl 64] Decoy} 27. Kxf2 Qc5+ {[%mdl 64] Double Attack
} 28. Qe3 Nd3+ {[%mdl 64] Double Attack} 29. Kf1 Nxg3+ 30. Qxg3 Rxe1+ {Black
took control after the opening.  Weighted Error Value: White=1.14/Black=0.13}
0-1

[Event "FIDE Womens Grand Swiss 2021"]
[Site "Riga"]
[Date "2021.11.03"]
[Round "7.2"]
[White "Paehtz, Elisabeth"]
[Black "Pogonina, Natalija"]
[Result "1-0"]
[WhiteElo "2475"]
[BlackElo "2467"]
[Annotator "TA"]
[PlyCount "108"]
[EventDate "2021.10.27"]
[EventType "swiss"]
[EventCountry "LAT"]
[Tiebreak "Cut1 Buchholz+Sonneborn-Berger (Swiss)"]
[SourceTitle "playchess.com"]
[Source "ChessBase"]
[SourceQuality "1"]

{[%evp 28,108,22,8,26,17,5,0,9,0,44,50,64,68,67,56,87,76,92,43,123,126,107,118,
118,128,120,110,116,109,162,130,155,146,152,152,142,159,187,173,187,150,160,
139,142,132,158,95,102,120,115,107,242,242,242,242,242,242,242,242,242,242,234,
241,5752,5740,4129,4120,29968,29970,29969,29972,29973,29975,29975,29976,29976,
29977,29977,29977,29977,29977,29973]} 1. e4 e5 2. Nf3 Nc6 3. Bb5 a6 4. Ba4 Nf6
5. O-O Be7 6. Re1 b5 7. Bb3 d6 8. c3 O-O 9. d4 Bg4 10. Be3 exd4 11. cxd4 Na5
12. Bc2 Nc4 13. Bc1 c5 14. b3 Nb6 15. Nbd2 {[%cal Bb1d2,Bd2b3,Bb3a5,Ba5c6]
[%mdl 32]} Rc8 {C91: Closed Ruy Lopez: 7...d6 8 c3 0-0 9 d4.} 16. h3 Bh5 17. a4
bxa4 {The position is equal.} 18. d5 {[#]} axb3 $146 ({Predecessor:} 18... Nfd7
19. bxa4 Bf6 20. Rb1 Bc3 21. Re3 Bxd2 22. Bxd2 Nc4 23. Rc3 Nxd2 24. Qxd2 Bxf3
25. Rxf3 {1/2-1/2 (43) Nepomniachtchi,I (2776)-Ding,L (2811) Chess.com INT 2019
}) 19. Nxb3 Nfd7 20. g4 {[%mdl 1024] White has compensation.} Bg6 21. Na5 $1
Bf6 22. Ra3 h6 23. Bf4 (23. Nc6 $6 Qc7 $11) 23... Ne5 ({Better is} 23... Qc7
$14) 24. Nxe5 $16 Bxe5 25. Bxe5 dxe5 26. Nc6 Qc7 27. Qe2 Ra8 28. Rea1 Nd7 (
28... f6 $16) 29. Qc4 Qd6 30. Rxa6 Rxa6 31. Rxa6 h5 32. Kg2 hxg4 33. hxg4 Qf6
34. Qd3 Qg5 35. Qg3 Bh7 36. Ra1 c4 37. Ra4 (37. d6 $142 $1) 37... c3 38. Rc4
Nf6 39. Nxe5 {Hoping for f4.} Nxe4 {[#] Loses the game.} 40. f4 $1 $18 {
[%mdl 512]} Qd8 41. Rxe4 Bxe4+ 42. Bxe4 Qa5 43. Nc6 {Ne7+ would kill now.} Qa2+
44. Qf2 Ra8 {[#]} 45. d6 $1 {[%cal Rd6d7] aiming for d7.} Qa4 $2 (45... Qd2 46.
Qxd2 (46. Ne7+ Kf8 $17) 46... cxd2) 46. Ne7+ {[%mdl 64] Discovered Attack} Kf8
47. Bxa8 {Intending Qh4 and mate.} Qxa8+ 48. Kh2 {White mates.} Qa4 49. Nf5 g6
{[#]} 50. Qd4 $1 Qxd4 51. Nxd4 Ke8 52. Kg3 Kd7 53. Kf3 Kxd6 54. Nb5+ Kd5 {
Weighted Error Value: White=0.07/Black=0.26} 1-0

[Event "FIDE Womens Grand Swiss 2021"]
[Site "Riga"]
[Date "2021.11.03"]
[Round "7.3"]
[White "Kosteniuk, Alexandra"]
[Black "Zhu, Jiner"]
[Result "1-0"]
[WhiteElo "2518"]
[BlackElo "2455"]
[Annotator "TA"]
[PlyCount "61"]
[EventDate "2021.10.27"]
[EventType "swiss"]
[EventCountry "LAT"]
[Tiebreak "Cut1 Buchholz+Sonneborn-Berger (Swiss)"]
[SourceTitle "playchess.com"]
[Source "ChessBase"]
[SourceQuality "1"]

{[%evp 18,61,-8,0,0,-3,0,0,1,13,44,17,50,50,54,49,68,64,119,119,280,268,601,
592,590,578,601,596,597,613,600,577,806,803,779,800,818,801,781,673,1904,1739,
29990,29991,29997,29994]} 1. d4 Nf6 2. c4 e6 3. Nc3 Bb4 4. e3 O-O 5. Bd3 d5 6.
a3 Bxc3+ 7. bxc3 dxc4 8. Bxc4 c5 9. Ne2 Qc7 10. Ba2 Nc6 {E49: Nimzo-Indian:
Rubinstein: 5 Bd3 d5 6 a3 Bxc3+ 7 bxc3.} 11. O-O b6 12. c4 Rd8 {The position
is equal.} 13. Bb2 {[#]} Na5 $146 ({Predecessor:} 13... cxd4 14. exd4 Bb7 15.
Rc1 Qd6 16. Re1 Rac8 17. d5 exd5 18. Bxf6 Qxf6 19. cxd5 Ne7 20. Rxc8 Nxc8 {
1/2-1/2 (29) Rakhmanov,A (2664)-Khismatullin,D (2600) Khanty-Mansiysk 2016})
14. d5 Ne4 15. Rc1 Nd6 16. Ng3 Qe7 17. e4 Ba6 {[#]} (17... e5 $14) 18. Qg4 $1
$40 {[%csl Gb2][%cal Rg4g7][%mdl 128] White wants a kill.} e5 $2 {[#]} (18...
f6 $16) 19. f4 $1 $18 {[%cal Rf4e5]} Qd7 $2 (19... f6 20. fxe5 fxe5) 20. Nf5
Nxf5 21. exf5 f6 22. fxe5 fxe5 23. Bxe5 Rf8 24. Qg3 Rf7 25. f6 g6 26. Rf4 Re8
27. Re1 Kh8 28. Rfe4 Nb7 29. Bb1 b5 30. Rh4 Rg8 31. Bxg6 {White took control
after the opening.  Weighted Error Value: White=0.06/Black=0.86} 1-0

[Event "FIDE Womens Grand Swiss 2021"]
[Site "Riga"]
[Date "2021.11.03"]
[Round "7.4"]
[White "Muzychuk, Mariya"]
[Black "Javakhishvili, Lela"]
[Result "1/2-1/2"]
[WhiteElo "2536"]
[BlackElo "2446"]
[Annotator "TA"]
[PlyCount "50"]
[EventDate "2021.10.27"]
[EventType "swiss"]
[EventCountry "LAT"]
[Tiebreak "Cut1 Buchholz+Sonneborn-Berger (Swiss)"]
[SourceTitle "playchess.com"]
[Source "ChessBase"]
[SourceQuality "1"]

{[%evp 13,50,47,50,46,45,45,164,162,160,0,25,26,41,21,15,0,0,0,0,-35,-33,-39,
-4,-35,0,0,18,14,19,16,22,29,39,0,0,0,27,0,25]} 1. e4 g6 2. d4 Bg7 3. Nc3 d6 4.
Be3 c6 5. Qd2 b5 6. Nf3 Nd7 7. Bd3 Qc7 8. Ne2 {B06: Modern Defence.} Nb6 {[#]}
9. O-O $146 ({Predecessor:} 9. b3 Bd7 10. O-O Nf6 11. Bh6 O-O 12. Bxg7 Kxg7 13.
e5 Nh5 14. h3 f5 15. Nf4 Nxf4 16. Qxf4 {1-0 (44) Kosintseva,N (2340)
-Klyashtorny,V (2327) Vladimir 2002}) 9... e5 (9... Bg4 $14) 10. dxe5 $18 {
White is clearly better.} dxe5 11. Bc5 $2 {[#]} (11. Qa5 $16) 11... Nf6 (11...
Nd7 $5 {[%cal Rd7c5]} 12. Be3 a5 $16) 12. b3 Nbd7 13. Ba3 a5 14. c3 Ba6 15. Ng3
c5 16. h4 O-O 17. h5 Rfe8 18. Qg5 c4 (18... Nf8 $15 19. h6 Ne6) 19. bxc4 $11
bxc4 20. Bc2 h6 21. Qe3 Ng4 22. Qe2 {aiming for hxg6.} Ngf6 23. Qe3 Ng4 24. Qe2
{Threatens to win with hxg6.} Ngf6 25. Qe3 Ng4 {Weighted Error Value: White=0.
18/Black=0.20} 1/2-1/2

[Event "FIDE Womens Grand Swiss 2021"]
[Site "Riga"]
[Date "2021.11.03"]
[Round "7.5"]
[White "Zawadzka, Jolanta"]
[Black "Harika, Dronavalli"]
[Result "1/2-1/2"]
[WhiteElo "2428"]
[BlackElo "2511"]
[Annotator "TA"]
[PlyCount "61"]
[EventDate "2021.10.27"]
[EventType "swiss"]
[EventCountry "LAT"]
[Tiebreak "Cut1 Buchholz+Sonneborn-Berger (Swiss)"]
[SourceTitle "playchess.com"]
[Source "ChessBase"]
[SourceQuality "1"]

{[%evp 13,61,0,0,-9,8,8,8,5,9,0,10,10,10,4,6,4,4,5,3,4,6,6,7,5,6,6,5,5,8,0,0,0,
9,11,10,8,8,8,12,4,4,4,4,4,6,0,0,0,8,0]} 1. e4 e5 2. Nf3 Nc6 3. Nc3 Nf6 4. d4
exd4 5. Nxd4 Bb4 6. Nxc6 bxc6 7. Bd3 d5 {The position is equal.} 8. Bd2 {
C47: Scotch Four Knights and Four Knights with 4 g3.} Bxc3 9. Bxc3 dxe4 10.
Bxf6 Qxf6 11. Bxe4 O-O {[#] Threatens to win with ...Qe7.} 12. O-O Qxb2 13.
Bxc6 Rb8 14. Rb1 Qxb1 15. Qxb1 Rxb1 16. Rxb1 $11 {[%mdl 4096] Endgame KRB-KRB}
Rd8 17. Bf3 Kf8 18. Rb8 Re8 {[%cal Re8e1] [#]} 19. h3 $146 ({Predecessor:} 19.
h4 Bf5 20. Rb7 Bxc2 21. Rxc7 Be4 22. Rxa7 Bxf3 23. gxf3 Rc8 24. Kg2 Rc4 25. Kg3
{1/2-1/2 (48) Andreikin,D (2728)-Matlakov,M (2682) Ufa 2021}) 19... Bf5 20. Rb7
c5 21. c3 Re1+ 22. Kh2 Rc1 23. Bd5 Be6 24. Bxe6 fxe6 25. Rxa7 Rxc3 {KR-KR} 26.
Rc7 (26. g3 {keeps more tension.} h5 27. Kg1 h4 28. Kg2 hxg3 29. fxg3 c4 30.
Kf2) 26... Rc2 27. Kg3 Rxa2 28. Rxc5 Kf7 29. f3 Kf6 30. h4 Rb2 31. Ra5 {
Not much happened in this game.  Weighted Error Value: White=0.02/Black=0.02}
1/2-1/2

[Event "FIDE Womens Grand Swiss 2021"]
[Site "Riga"]
[Date "2021.11.03"]
[Round "7.6"]
[White "Kashlinskaya, Alina"]
[Black "Munguntuul, Batkhuyag"]
[Result "1-0"]
[WhiteElo "2493"]
[BlackElo "2433"]
[Annotator "TA"]
[PlyCount "119"]
[EventDate "2021.10.27"]
[EventType "swiss"]
[EventCountry "LAT"]
[Tiebreak "Cut1 Buchholz+Sonneborn-Berger (Swiss)"]
[SourceTitle "playchess.com"]
[Source "ChessBase"]
[SourceQuality "1"]

{[%evp 13,119,0,12,0,29,-16,0,0,11,11,14,14,43,18,39,21,70,60,62,62,57,66,63,
45,64,62,61,67,60,51,88,30,33,3,0,6,16,0,0,0,0,0,32,41,40,29,90,82,85,81,85,0,
59,0,72,87,64,72,83,83,85,70,70,81,97,84,88,91,98,101,81,95,104,82,85,0,0,0,0,
0,0,0,12837,12837,12839,12839,12839,12839,12840,12840,12841,12841,12841,12842,
12843,12843,12844,12844,12845,12845,12848,12847,12849,12846,12850,12850,12850,
12850]} 1. d4 d5 2. c4 e6 3. Nf3 Nf6 4. Nc3 Nbd7 5. cxd5 exd5 6. Bf4 c6 7. Qc2
Nh5 {is recently more successful than 7...Be7.} 8. Bd2 {D35: Queen's Gambit
Declined: Exchange Variation.} Bd6 9. e3 Nb6 {[#]} 10. h3 $146 {The position
is equal.} ({Predecessor:} 10. Bd3 g6 11. h3 Ng7 12. Na4 Nxa4 13. Qxa4 Bf5 14.
Bxf5 Nxf5 15. Bb4 O-O {1/2-1/2 (15) Polaczek,R (2505)-Bern,I (2590) Sweden 1994
}) 10... Qe7 11. O-O-O Nf6 12. Bd3 h6 13. Kb1 Be6 14. Rc1 O-O-O 15. Nb5 $1 Kb8
16. Nxd6 Qxd6 17. Rhd1 Rhe8 18. Be1 Ne4 19. a4 {[%cal Ba2a4,Ba4a5][%mdl 32]}
Rc8 20. a5 Nd7 21. Qa4 c5 22. Qa3 ({Better is} 22. Bxe4 $16 dxe4 23. dxc5 {
[%mdl 64] Pin}) 22... c4 $11 {[#]} 23. Bb4 Qa6 24. Bxe4 dxe4 25. d5 exf3 26.
Bd6+ Ka8 {[#] Threatens to win with ...Bf5+.} 27. dxe6 Rxe6 28. gxf3 Ree8 29.
Qb4 Nb8 (29... Qc6 $11) 30. Bxb8 $16 Kxb8 31. Rd6 Rc6 32. Rd7 (32. Rxc6 $16
Qxc6 33. Qxc4 (33. Rxc4 Qg6+ 34. Ka2 a6 $16) 33... Qxc4 34. Rxc4) 32... Rcc8 (
32... Rec8 $11) 33. Rd6 Rc6 34. Rxc6 Qxc6 35. Qxc4 {Black must now prevent
Qf4+.} Qxc4 36. Rxc4 {[%mdl 4096] Endgame KR-KR} Re5 37. b4 Rf5 38. f4 Rh5 39.
Re4 Rxh3 40. Re8+ Kc7 41. Re7+ Kc6 42. Rxf7 Rh2 43. Rxg7 Rxf2 44. Rg6+ (44. Rh7
$16) 44... Kb5 $11 45. Rxh6 {Rh7 is the strong threat.} (45. Kc1 {seems wilder.
} Kxb4 46. Rg7 Kc3 47. Rc7+ Kd3 48. Rxb7 Kxe3 49. Re7+) 45... Kxb4 46. Rh7 (46.
Kc1 {is more complex.} Kxa5 47. Rh7 Kb6 48. Rh6+ Kc5 49. Rh7) 46... Kxa5 47.
Rxb7 {Strongly threatening Kc1.} a6 $2 {[%mdl 8192]} (47... Re2 $11) 48. Kc1
$18 {White is clearly winning.} Ka4 49. Rb2 Rf1+ 50. Kd2 Ka3 51. Rb6 a5 52. Ke2
Rh1 53. f5 a4 54. f6 Rh7 55. e4 Ka2 56. e5 Rf7 57. Ke3 a3 58. Ke4 Ka1 59. Ra6
a2 60. Kf5 {Weighted Error Value: White=0.13/Black=0.12} 1-0

[Event "FIDE Womens Grand Swiss 2021"]
[Site "Riga"]
[Date "2021.11.03"]
[Round "7.7"]
[White "Dzagnidze, Nana"]
[Black "Maltsevskaya, Aleksandra"]
[Result "1-0"]
[WhiteElo "2524"]
[BlackElo "2411"]
[Annotator "TA"]
[PlyCount "71"]
[EventDate "2021.10.27"]
[EventType "swiss"]
[EventCountry "LAT"]
[Tiebreak "Cut1 Buchholz+Sonneborn-Berger (Swiss)"]
[SourceTitle "playchess.com"]
[Source "ChessBase"]
[SourceQuality "1"]

{[%evp 9,70,11,25,15,26,-11,-12,-14,9,1,40,39,31,29,56,63,59,15,11,14,39,16,20,
1,16,-17,37,-6,0,0,0,0,0,4,33,33,35,0,0,0,0,-2,0,0,0,0,315,306,279,265,506,500,
945,934,1261,1229,1093,827,29982,1226,29996,29997,29999]} 1. d4 d5 2. c4 e6 3.
Nc3 Nf6 4. Nf3 a6 5. c5 Nc6 6. Bf4 {D37: Queen's Gambit Declined: 5 Bf4.} Ne4 {
6...Nh5 gains popularity.} 7. Rc1 g5 {[#]} 8. Be3 $146 {The position is equal.}
({Predecessor:} 8. Bg3 h5 9. h3 Nxg3 10. fxg3 Bg7 11. e3 g4 12. hxg4 hxg4 13.
Rxh8+ Bxh8 14. Nh4 {0-1 (26) Barp,A (2374)-Moroni,L (2491) Europe Echecs INT
2020}) 8... Nxc3 9. bxc3 h6 10. g3 Bg7 11. Bg2 O-O 12. h4 {[%cal Rh4g5]} g4 13.
Nd2 (13. Ne5 $5) 13... e5 {[%cal Re5d4]} 14. Nb3 a5 15. a4 e4 16. O-O Ne7 17.
c4 Re8 ({Better is} 17... f5 $11) 18. Qd2 dxc4 19. Nxa5 c3 20. Qxc3 Nf5 {
[%cal Rg7d4]} 21. Qb4 Qd5 {[%cal Rf5d4]} 22. Nc4 Nxd4 23. Rfd1 {aiming for
Bxd4.} Nc6 24. Qb5 Qe6 25. a5 f5 26. Bf1 Qf7 27. Bf4 Nd4 $2 {[%mdl 8192] [#]} (
27... Kh7 $11) 28. Rxd4 $1 $18 {[%mdl 512]} Bxd4 {[#]} 29. e3 $1 {[%cal Re3d4]}
Bd7 $2 (29... Bg7 {keeps fighting.}) 30. Qxb7 Bxc5 (30... Bg7 $142 31. Bxc7 Qf6
) 31. Ne5 Rxe5 32. Bxe5 Rxa5 33. Qxc7 {White wants to mate with Bc4!} Ba3 {[#]}
34. Bc4 $1 {[%mdl 512]} Be6 (34... Rd5 35. Qd8+) 35. Bxe6 {[%mdl 64]
Overworked Piece} Qxe6 36. Qg7# {Weighted Error Value: White=0.10/Black=0.74}
1-0

[Event "FIDE Womens Grand Swiss 2021"]
[Site "Riga"]
[Date "2021.11.03"]
[Round "7.8"]
[White "Abdumalik, Zhansaya"]
[Black "Assaubayeva, Bibisara"]
[Result "0-1"]
[WhiteElo "2507"]
[BlackElo "2400"]
[Annotator "TA"]
[PlyCount "110"]
[EventDate "2021.10.27"]
[EventType "swiss"]
[EventCountry "LAT"]
[Tiebreak "Cut1 Buchholz+Sonneborn-Berger (Swiss)"]
[SourceTitle "playchess.com"]
[Source "ChessBase"]
[SourceQuality "1"]

{[%evp 10,110,28,28,33,32,37,35,35,33,34,3,3,2,5,5,2,4,0,0,0,0,0,-37,-34,-104,
-101,-140,-148,-166,-164,-168,-156,-147,-121,-123,-127,-230,-196,-230,-225,
-246,-239,-305,-302,-300,-302,-302,-288,-299,-297,-306,-300,-424,-431,-618,
-564,-571,-449,-449,-269,-274,-258,-388,-388,-406,-371,-620,-373,-612,-593,
-586,-586,-579,-571,-466,-414,-1108,-1108,-1097,-899,-1101,-1092,-1077,-1063,
-1081,-1053,-1005,-958,-872,-844,-8729,-4934,-9135,-6933,-29980,-6402,-6083,
-6043,-5887,-2756,-29971,-29972]} 1. e4 c5 2. Nf3 d6 3. Bb5+ Bd7 4. Bxd7+ Qxd7
5. c4 Nf6 6. Nc3 g6 $1 {The main line 6...g6 scores better than 6...Nc6. B52:
Sicilian: Moscow Variation with 3...Bd7.} 7. d4 cxd4 8. Nxd4 Bg7 {White is
slightly better.} 9. f3 O-O 10. O-O Rc8 11. b3 d5 12. exd5 Nxd5 13. Nxd5 {
[#] Strongly threatening Ba3.} e6 14. Bh6 {aiming for Bxg7.} exd5 15. Bxg7 Kxg7
16. c5 Na6 17. b4 ({Better is} 17. Ne2 $15) 17... Nxb4 $17 18. f4 {[#]} Qe7
$146 (18... Rxc5 19. Nf5+ Qxf5 20. Qd4+ Qf6 21. Qxc5 $11) ({Predecessor:} 18...
Nc6 19. f5 Kg8 20. Rc1 Nxd4 21. Qxd4 Re8 22. fxg6 hxg6 23. Rf4 Qe6 24. Rcf1 Re7
{0-1 (35) Goossens,E (2241)-Roeder,M (2389) Belgium 2018}) 19. Kh1 Qxc5 20. f5
{[#]} Nc6 $1 {[%cal Rc6d4]} 21. Nf3 f6 22. Qb3 Rc7 (22... gxf5 23. Qxb7+ Qe7
24. Qb5 $15) 23. Rac1 (23. fxg6 $17 hxg6 24. Nh4) 23... Qd6 $19 24. Qb2 Re8 (
24... gxf5 25. Nh4 $17) 25. Rcd1 Rd7 (25... gxf5 26. Nh4 $17) 26. Rf2 d4 ({Not
} 26... gxf5 27. Nh4 $17) 27. Rfd2 Qf4 28. fxg6 hxg6 29. Rd3 Re3 30. Rxe3 Qxe3
31. Qb5 (31. Qd2 $142 Qxd2 32. Nxd2) 31... d3 32. Qb3 (32. h3 $142) 32... Qe2
33. h3 Qc2 34. Kg1 ({And not} 34. Qxc2 dxc2 35. Rxd7+ Kf8) 34... Qxb3 (34... b5
$142 35. Qb1 (35. Qxc2 $2 dxc2 36. Rxd7+ Kf8 $19) 35... Nd4 36. Nxd4 Rxd4) 35.
axb3 {[%mdl 4096] Endgame KRN-KRN} Nb4 36. Ra1 (36. Kf2 $142) 36... b6 37. Kf2
a5 38. Rc1 $2 (38. Rf1) 38... Re7 39. g4 $2 (39. Re1 Rc7 40. Nd4) 39... Re2+
40. Kg3 Nc2 41. Rd1 Re3 42. Kf2 b5 {[%cal Bb6b5,Bb5a4,Ba4a3][%mdl 32]} 43. h4 (
43. Nd4 $142) 43... a4 44. bxa4 bxa4 45. Rb1 a3 46. Rb7+ Kf8 47. Ra7 Re2+ 48.
Kg3 d2 49. Nxd2 Rxd2 {KRN-KR} 50. h5 g5 51. h6 Kg8 52. Kf3 Rd4 (52... a2 $142
53. Ke4 a1=Q 54. Rxa1 Rd4+ 55. Kf5 Rf4+ 56. Ke6 Nxa1 57. Ke7 Kh7 58. Ke6 Kxh6
59. Kd6 Rxg4 60. Kd7 Rd4+ 61. Kc7 g4 62. Kc6 g3 63. Kc7 g2 64. Kc6 g1=Q 65. Kc5
Nb3+ 66. Kb5 Qg7 67. Kb6 Qd7 68. Ka6 Rd6#) 53. Rg7+ Kh8 54. Ra7 Rf4+ 55. Kg3
Ne3 {Weighted Error Value: White=0.43/Black=0.19} 0-1